Sombras y temblores /

Cuentos inquietantes donde lo extraño, lo inesperado y lo siniestro se juegan en el mundo de todos los días. Un par de zapatillas o un chico en su aula mirando por la ventana son ejemplos de las sencillas circunstancias iniciales que derivarán en sucesos terroríficos...aunque sorprendentemente posib...

Descripción completa

Guardado en:
Autor Principal: Drennen, Olga.
Otros Autores: Project; il.
Formato: Libro
Idioma:Undetermined
Publicado: Buenos Aires : Quipu, 2014.
Edición:1a ed.
Series:Los verdes de Quipu
Colección de aula
Materias:
Etiquetas: Agregar Etiqueta
Sin Etiquetas, Sea el primero en etiquetar este registro!
LEADER 01599nam a22002895a 4500
001 CEM.cems020299
008 230803s2014####ag############000#0#und#d
005 20240805181102.0
245 1 0 |a Sombras y temblores /  |c Olga Drennen ; ilustrado por Project. 
250 |a 1a ed. 
260 |a Buenos Aires :  |b Quipu,  |c 2014. 
300 |a 80 p. 
490 1 |a Los verdes de Quipu 
490 1 |a Colección de aula 
500 |a Edición especial del Ministerio de Educación de la Nación. A partir de 11 años. 
505 0 |a La mancha a la altura del tercer botón -- Yo-yo -- La prueba -- Mejor me callo -- El brillo en la sombra -- El último baile de invierno 
520 |a Cuentos inquietantes donde lo extraño, lo inesperado y lo siniestro se juegan en el mundo de todos los días. Un par de zapatillas o un chico en su aula mirando por la ventana son ejemplos de las sencillas circunstancias iniciales que derivarán en sucesos terroríficos...aunque sorprendentemente posibles. La autora evita los recursos fáciles y acartonados de ciertas versiones televisivas del género en este puñadode cuentos que, sin dudas, señala una de las producciones argentinas más interesantes de los últimos años. 
020 |a 9789875041202 
100 1 |a Drennen, Olga. 
700 1 |a Project; il. 
653 |a Cuentos 
653 |a Cuentos de terror 
653 |a Género policial 
653 |a Literatura argentina 
653 |a Literatura infantil y juvenil 
859 |a CEMS  |b BIB. CEMS - 11 de abril  |h A863.4  |i D815  |p 29513.24  |t Ej.1 
859 |a CEMS  |b BIB. CEMS - Inicial y Primaria  |h A863.4  |i D815  |k IP  |p 5549  |t Ej.1